000 00284nam a22001337a 4500
008 170418b xxu||||| |||| 00| 0 eng d
020 _a9781429276047
041 _aeng
080 _a573
100 _a11
101 _aSHM
245 _aPRINCIPLES OF LIFE
_cHILLIS
942 _2udc
_cBK
999 _c11009
_d11009